[Event "GER-ch U12"]
[Site "Willingen"]
[Date "2021.08.25"]
[Round "4"]
[White "Jumah, Shayan"]
[Black "Lumma, Justus"]
[Result "1-0"]
[WhiteElo "1275"]
[BlackElo "1081"]
[PlyCount "37"]
[EventDate "2021.08.22"]
[EventType "swiss"]
[EventRounds "9"]
[EventCountry "GER"]
[SourceTitle "EXT 2022"]
[Source "ChessBase"]
[SourceDate "2021.10.06"]
[SourceVersion "1"]
[SourceVersionDate "2021.10.06"]
[SourceQuality "1"]

1. d4 f5 2. Nf3 e6 3. Bf4 Nf6 4. e3 Nc6 5. c3 Be7 6. h3 b6 7. Bd3 Bb7 8. Nbd2 d6 9. 0-0 e5 10. Ng5 exf4 11. Ne6 Qd7 12. Bxf5 Kf7 13. Ng5+ Ke8 14. Bxd7+ Kxd7 15. Nge4 Rhf8 16. Nxf6+ Rxf6 17. Qg4+ Re6 18. d5 Ne5 19. Qxe6+ 1-0

[Event "GER-ch U10"]
[Site "Willingen"]
[Date "2019.06.12"]
[Round "7"]
[White "Lumma, Justus"]
[Black "Detjen, Mattes"]
[Result "1/2-1/2"]
[WhiteElo "1077"]
[BlackElo "1296"]
[PlyCount "57"]
[EventDate "2019.06.08"]
[EventType "swiss"]
[EventRounds "11"]
[EventCountry "GER"]
[SourceTitle "CBM 191 Extra"]
[Source "ChessBase"]
[SourceDate "2019.09.30"]
[SourceVersion "1"]
[SourceVersionDate "2019.09.30"]
[SourceQuality "1"]

1. e4 d5 2. exd5 Nf6 3. d6 Qxd6 4. Nf3 Bg4 5. Be2 Nc6 6. Nc3 e5 7. 0-0 Be7 8. d3 0-0 9. Bg5 h6 10. Bh4 Rad8 11. h3 Bh5 12. Qd2 Rfe8 13. Rfe1 e4 14. Nh2 exd3 15. cxd3 Bxe2 16. Rxe2 Qxd3 17. Qxd3 Rxd3 18. Bxf6 gxf6 19. Ng4 Kg7 20. Nb5 Red8 21. Ne3 Nd4 22. Nxd4 R3xd4 23. Nf5+ Kf8 24. Nxd4 Rxd4 25. Rae1 Rd7 26. Re4 b6 27. Rh4 Kg7 28. Kh2 Bd6+ 29. g3 1/2-1/2

[Event "GER-ch U10"]
[Site "Willingen"]
[Date "2019.06.09"]
[Round "1"]
[White "Lumma, Justus"]
[Black "Kullmann, Theo"]
[Result "0-1"]
[WhiteElo "1077"]
[BlackElo "1465"]
[PlyCount "50"]
[EventDate "2019.06.08"]
[EventType "swiss"]
[EventRounds "11"]
[EventCountry "GER"]
[SourceTitle "CBM 191 Extra"]
[Source "ChessBase"]
[SourceDate "2019.09.30"]
[SourceVersion "1"]
[SourceVersionDate "2019.09.30"]
[SourceQuality "1"]

1. e4 e5 2. Nf3 Nc6 3. Nc3 Nf6 4. d4 exd4 5. Nxd4 Bc5 6. Nxc6 bxc6 7. Bd3 0-0 8. Bg5 h6 9. Bh4 Be7 10. 0-0 Nxe4 11. Bxe7 Nxc3 12. Bxd8 Nxd1 13. Be7 Nxb2 14. Bxf8 Kxf8 15. Rab1 Na4 16. Rfe1 d5 17. Rb4 Nc3 18. a3 c5 19. Rb3 Na4 20. Bb5 Be6 21. Bxa4 c4 22. Rbe3 d4 23. Rg3 Rb8 24. Re4 Rb1+ 25. Re1 Rxe1# 0-1